000 00676nam a2200205Ia 4500
005 20250508155318.0
008 008 250505s9999 xx 000 0 eng d
037 _aTextual
040 _aFEDL
_beng
_cFEDL
041 _aeng
_2eng
084 _a371.2095456, NCE
_qFEDL
100 _aGupta S L
245 0 _aAdministration of education under municipal corporation of Delhi
245 0 _cNCERT
260 _aNew Delhi, India
_bNational Council of Educational Research and Training
300 _a24p.
546 _aStudies in administration of education under municipal corporations
942 _cTEXL
_h371.2095456, NCE
999 _c1355994
_d1355994